[Event "Hessische Einzelmeisterschaft 2021"]
[Site "Frankfurt"]
[Date "2021.12.08"]
[Round "1"]
[White "Haack, Kevin"]
[Black "Mazurek, Robert"]
[Result "1-0"]
[WhiteElo "2100"]
[BlackElo "2209"]
[PlyCount "87"]
[EventDate "2021.12.08"]
[EventType "tourn"]
[EventCountry "GER"]

{[%evp 0,34,16,-12,-10,-24,11,11,9,11,20,17,37,34,44,49,46,44,33,17,60,59,74,
-44,5,7,3,-13,20,12,10,-10,-4,-29,-31,-56,-48]} 1. c4 Nf6 2. Nc3 e6 3. e4 d5 4.
e5 d4 5. exf6 dxc3 6. bxc3 Qxf6 7. d4 Nc6 8. Nf3 e5 9. Bg5 Qg6 10. d5 Nb8 11.
Bh4 Nd7 12. Bg3 Bd6 13. Bd3 Qh6 14. O-O O-O 15. Re1 f6 16. Bf5 Nc5 17. Bxc8
Raxc8 18. Nd2 Rce8 19. Nb3 Nd7 20. Qc2 f5 21. f3 b6 22. Re2 a5 23. Rae1 Qh5 24.
c5 f4 25. Bf2 bxc5 26. Nxa5 Rf6 27. Qa4 Qf5 28. Nb7 g5 29. Bxc5 Rb8 30. Bxd6
cxd6 31. Qc6 Rxb7 32. Qxb7 Nc5 33. Qb8+ Kg7 34. Qc7+ Nd7 35. Rb2 g4 36. Rb7 Rf7
37. Qxd6 gxf3 38. gxf3 Qh3 39. Qe6 Qh4 40. Re2 Rf6 41. Qxd7+ Kg6 42. Rg2+ Kh5
43. Qxh7+ Rh6 44. Qf5+ 1-0

[Event "Hessische Einzelmeisterschaft 2021"]
[Site "Frankfurt"]
[Date "2021.12.08"]
[Round "1"]
[White "Keller, Peter"]
[Black "Kersten, Uwe"]
[Result "1-0"]
[WhiteElo "2359"]
[BlackElo "2254"]
[PlyCount "83"]
[EventDate "2021.12.08"]
[EventType "tourn"]
[EventCountry "GER"]

{[%evp 0,23,16,28,97,43,86,89,72,47,47,38,76,18,33,22,9,-2,-4,11,69,34,58,57,
85,77]} 1. e4 c5 2. Nf3 d6 3. d4 cxd4 4. Nxd4 Nf6 5. Nc3 a6 6. g3 e5 7. Nb3 Be6
8. Bg2 Be7 9. O-O b5 10. Nd5 Bxd5 11. exd5 a5 12. Qe2 O-O 13. Qxb5 a4 14. Nd2
Qc7 15. Qc4 Qb7 16. Qe2 Rc8 17. Nc4 Qb5 18. b3 Nbd7 19. Qd1 Nb6 20. Ne3 Qc5 21.
Nf5 Bd8 22. Be3 Qc7 23. c4 Nbd7 24. b4 g6 25. Nh6+ Kg7 26. Rc1 Qb8 27. a3 Bb6
28. Ng4 Nxg4 29. Qxg4 f5 30. Qh4 Bxe3 31. Qe7+ Kg8 32. fxe3 Ra7 33. Qg5 Kh8 34.
g4 f4 35. exf4 exf4 36. Qxf4 Ne5 37. c5 Rf7 38. Qd4 Rcf8 39. Rxf7 Rxf7 40. cxd6
Qxd6 41. Rc6 Qb8 42. Re6 1-0

[Event "Hessische Einzelmeisterschaft 2021"]
[Site "Frankfurt"]
[Date "2021.12.08"]
[Round "1"]
[White "Poetsch, Hagen"]
[Black "Telljohann, Sven"]
[Result "1/2-1/2"]
[WhiteElo "2513"]
[BlackElo "2388"]
[PlyCount "58"]
[EventDate "2021.12.08"]
[EventType "tourn"]
[EventCountry "GER"]

{[%evp 0,19,16,28,112,60,88,81,90,67,96,63,96,63,60,45,55,12,13,13,5,5]} 1. e4
g6 2. d4 Bg7 3. Nc3 d6 4. f4 a6 5. Nf3 Nd7 6. Bc4 e6 7. f5 Nb6 8. Bd3 exf5 9.
exf5 Ne7 10. fxg6 hxg6 11. Bg5 f6 12. Be3 Bf5 13. O-O Qd7 14. Bf2 d5 15. Re1
Bxd3 16. Qxd3 O-O-O 17. a4 Rde8 18. b3 Kb8 19. a5 Nbc8 20. Na4 Qf5 21. Qc3 Nd6
22. Bg3 Nb5 23. Qc5 Nc6 24. c4 dxc4 25. bxc4 Nbxd4 26. Nxd4 Qxc5 27. Nxc5 Nxd4
28. Rab1 Rxe1+ 29. Bxe1 Rh5 1/2-1/2

[Event "Hessische Einzelmeisterschaft 2021"]
[Site "Frankfurt"]
[Date "2021.12.08"]
[Round "1"]
[White "Rolf, Marco"]
[Black "Bluebaum, Johanna"]
[Result "1-0"]
[WhiteElo "2052"]
[BlackElo "2046"]
[PlyCount "57"]
[EventDate "2021.12.08"]
[EventType "tourn"]
[EventCountry "GER"]

{[%evp 0,23,16,28,26,-14,-23,-16,-4,-7,4,-21,-30,-37,-20,-24,-8,-18,48,-31,5,
18,25,26,67,59]} 1. d4 d5 2. c4 e6 3. Nc3 Bb4 4. Nf3 Nf6 5. Qc2 O-O 6. cxd5
exd5 7. Bg5 c6 8. e3 h6 9. Bh4 Nbd7 10. Bd3 Re8 11. O-O g5 12. Bg3 c5 13. Nb5
c4 14. Bf5 Ba5 15. Nd6 Re7 16. Ne5 Bc7 17. Nexf7 Rxf7 18. Be6 Bxd6 19. Qg6+ Kh8
20. Bxf7 Bf8 21. Be5 Bg7 22. f4 Nxe5 23. fxe5 Ng8 24. Qh5 a5 25. Rf2 Ra6 26.
Raf1 b5 27. Bg6 b4 28. Rf7 Bg4 29. Rxg7 1-0

[Event "Hessische Einzelmeisterschaft 2021"]
[Site "Frankfurt"]
[Date "2021.12.08"]
[Round "2"]
[White "Mazurek, Robert"]
[Black "Keller, Peter"]
[Result "0-1"]
[WhiteElo "2209"]
[BlackElo "2359"]
[PlyCount "94"]
[EventDate "2021.12.08"]
[EventType "tourn"]
[EventCountry "GER"]

1. d4 Nf6 2. c4 e6 3. Nc3 Bb4 4. Bg5 c5 5. d5 d6 6. e3 exd5 7. cxd5 Nbd7 8. Bd3
Qa5 9. Nge2 Nxd5 10. O-O Bxc3 11. bxc3 c4 12. Bc2 O-O 13. Bh4 Nxc3 14. Nxc3
Qxc3 15. Rc1 Qe5 16. Bg3 Qe6 17. Bxd6 Re8 18. Bb4 Nf6 19. Bc3 Rb8 20. Qd4 b6
21. Qh4 h6 22. Bxf6 Qxf6 23. Qxc4 Be6 24. Qa4 Qb2 25. Bb3 b5 26. Qxa7 Bxb3 27.
axb3 Qxb3 28. Rb1 Qa4 29. Qxa4 bxa4 30. Rxb8 Rxb8 31. Ra1 a3 32. Kf1 Rb3 33.
Ke1 g5 34. g3 Kg7 35. Ra2 Kf6 36. Kd2 Kf5 37. f3 Rb2+ 38. Rxb2 axb2 39. Kc2 g4
40. e4+ Ke5 41. fxg4 Kxe4 42. Kxb2 Kf3 43. g5 h5 44. Kc3 Kg2 45. Kd4 Kxh2 46.
Ke5 Kxg3 47. Kf6 Kg4 0-1

[Event "Hessische Einzelmeisterschaft 2021"]
[Site "Frankfurt"]
[Date "2021.12.08"]
[Round "2"]
[White "Poetsch, Hagen"]
[Black "Haack, Kevin"]
[Result "1-0"]
[WhiteElo "2513"]
[BlackElo "2100"]
[PlyCount "115"]
[EventDate "2021.12.08"]
[EventType "tourn"]
[EventCountry "GER"]

{[%evp 0,15,28,16,72,63,68,36,72,67,61,37,71,37,6,8,40,-33]} 1. e4 c6 2. Nc3 d5
3. Nf3 Bg4 4. h3 Bxf3 5. Qxf3 e6 6. g3 Nf6 7. Bg2 dxe4 8. Qe2 Nbd7 9. Nxe4 Nxe4
10. Qxe4 Bd6 11. O-O O-O 12. d4 e5 13. dxe5 Nxe5 14. Rd1 Re8 15. Be3 Qe7 16.
Re1 Bc5 17. Rad1 Bxe3 18. Qxe3 Qb4 19. c3 Qb6 20. Qxb6 axb6 21. f4 Nc4 22.
Rxe8+ Rxe8 23. Rd7 Rb8 24. b3 Na3 25. c4 Kf8 26. Be4 b5 27. c5 Re8 28. Bxh7
Re1+ 29. Kf2 Ra1 30. Rd8+ Ke7 31. Rd2 g6 32. f5 g5 33. Kf3 Kf6 34. Rd7 Rxa2 35.
Bg8 Kxf5 36. Rxf7+ Kg6 37. Rxb7 Nc2 38. Rd7 Kf6 39. Rf7+ Kg6 40. Rd7 Nb4 41.
Rd4 Na6 42. Rd6+ Kg7 43. Be6 Nxc5 44. Rxc6 Nd3 45. Ke4 Nf2+ 46. Kd4 Rb2 47. Rb6
Nxh3 48. Rxb5 Nf2 49. Ke5 Kg6 50. Bf5+ Kh5 51. Kf6 Re2 52. Bg6+ Kh6 53. Rxg5
Ne4+ 54. Bxe4 Rxe4 55. Re5 Rb4 56. Re3 Rb6+ 57. Ke5 Kg6 58. Kd5 1-0

[Event "Hessische Einzelmeisterschaft 2021"]
[Site "Frankfurt"]
[Date "2021.12.08"]
[Round "2"]
[White "Telljohann, Sven"]
[Black "Bluebaum, Johanna"]
[Result "1-0"]
[WhiteElo "2388"]
[BlackElo "2046"]
[PlyCount "75"]
[EventDate "2021.12.08"]
[EventType "tourn"]
[EventCountry "GER"]

{[%evp 0,11,5,7,18,-30,23,-2,15,9,15,0,-1,19]} 1. Nf3 d5 2. g3 Nd7 3. Bg2 e5 4.
d3 Ngf6 5. O-O Bd6 6. c4 c6 7. Nfd2 d4 8. b3 O-O 9. Na3 Ne8 10. Nc2 c5 11. a3
a5 12. Rb1 f5 13. e3 Ra7 14. exd4 exd4 15. b4 axb4 16. axb4 b6 17. bxc5 bxc5
18. Na3 Ra6 19. Nb5 Bb8 20. Re1 Rg6 21. f4 Nef6 22. Nf3 Ng4 23. Nh4 Rh6 24.
Nxf5 Rxf5 25. Qxg4 Nf6 26. Qe2 Rfh5 27. Qe7 Qxe7 28. Rxe7 Kf8 29. Na7 Kxe7 30.
Nxc8+ Kd7 31. Rxb8 Kc7 32. Ra8 Rxh2 33. f5 Rxg2+ 34. Kxg2 Rh5 35. Bf4+ Kd7 36.
Nb6+ Kc6 37. Nc8 Kd7 38. Nd6 1-0

[Event "Hessische Einzelmeisterschaft 2021"]
[Site "Frankfurt"]
[Date "2021.12.09"]
[Round "3"]
[White "Bluebaum, Johanna"]
[Black "Kersten, Uwe"]
[Result "1/2-1/2"]
[WhiteElo "2046"]
[BlackElo "2254"]
[PlyCount "79"]
[EventDate "2021.12.08"]
[EventType "tourn"]
[EventCountry "GER"]

1. d4 f5 2. c4 Nf6 3. Nc3 d6 4. Nf3 c6 5. e3 Qc7 6. d5 g6 7. Be2 Bg7 8. O-O O-O
9. Nd4 Na6 10. f3 e5 11. dxe6 Nc5 12. b3 Nxe6 13. Bb2 Re8 14. Re1 Nc5 15. Nc2
a5 16. Qd2 Be6 17. Rad1 Rad8 18. Nd4 Bf7 19. Bf1 Qb6 20. Ba3 Bh6 21. Qf2 Bg7
22. Qh4 Na6 23. Kh1 Nh5 24. Na4 Qc7 25. Nc2 b6 26. Bb2 Bxb2 27. Nxb2 Nb4 28.
Nxb4 axb4 29. Nd3 c5 30. g4 Ng7 31. Nf4 Re5 32. Qf6 Ne8 33. Qh4 fxg4 34. Qxg4
Qe7 35. Qg1 Nf6 36. e4 Kh8 37. Nd3 Rh5 38. Nf4 Re5 39. Nd3 Rh5 40. Nf4 1/2-1/2

[Event "Hessische Einzelmeisterschaft 2021"]
[Site "Frankfurt"]
[Date "2021.12.09"]
[Round "3"]
[White "Haack, Kevin"]
[Black "Telljohann, Sven"]
[Result "1-0"]
[WhiteElo "2100"]
[BlackElo "2388"]
[PlyCount "49"]
[EventDate "2021.12.08"]
[EventType "tourn"]
[EventCountry "GER"]

1. c4 g6 2. Nc3 Bg7 3. g3 c5 4. Bg2 Nc6 5. Nf3 a6 6. O-O Rb8 7. e3 b5 8. cxb5
axb5 9. a4 bxa4 10. d4 Na5 11. e4 Nb3 12. Bf4 Nxa1 13. Bxb8 Ba6 14. Be5 f6 15.
Bf4 Bxf1 16. Bxf1 Nb3 17. Nxa4 Nxd4 18. Nxc5 Nxf3+ 19. Qxf3 Qb6 20. Qa3 e6 21.
Qa8+ Ke7 22. Nb7 g5 23. Nd6 Nh6 24. Qa3 Qc6 25. Nf5+ 1-0

[Event "Hessische Einzelmeisterschaft 2021"]
[Site "Frankfurt"]
[Date "2021.12.09"]
[Round "3"]
[White "Keller, Peter"]
[Black "Poetsch, Hagen"]
[Result "0-1"]
[WhiteElo "2359"]
[BlackElo "2513"]
[PlyCount "66"]
[EventDate "2021.12.08"]
[EventType "tourn"]
[EventCountry "GER"]

1. e4 c5 2. Nf3 d6 3. d4 cxd4 4. Nxd4 Nf6 5. Nc3 Nc6 6. Bg5 e6 7. Qd2 a6 8.
O-O-O Bd7 9. f4 Be7 10. Nf3 b5 11. Bxf6 gxf6 12. Kb1 Qb6 13. f5 O-O-O 14. Bd3
Kb8 15. Ne2 Ne5 16. Ned4 Nxf3 17. Nxf3 Bc6 18. Rhe1 e5 19. Qe2 d5 20. exd5 Rxd5
21. c4 Rdd8 22. cxb5 axb5 23. Be4 Rxd1+ 24. Rxd1 Rc8 25. Bd5 Qb7 26. Qe4 Qd7
27. Rd2 Bb4 28. Rd3 Rd8 29. Bxc6 Qxd3+ 30. Qxd3 Rxd3 31. Kc2 Rd6 32. Bxb5 e4
33. Nh4 Be1 0-1

[Event "Hessische Einzelmeisterschaft 2021"]
[Site "Frankfurt"]
[Date "2021.12.09"]
[Round "3"]
[White "Rolf, Marco"]
[Black "Mazurek, Robert"]
[Result "0-1"]
[WhiteElo "2052"]
[BlackElo "2209"]
[PlyCount "64"]
[EventDate "2021.12.08"]
[EventType "tourn"]
[EventCountry "GER"]

1. d4 Nf6 2. c4 e6 3. Nc3 Bb4 4. Qc2 d5 5. cxd5 exd5 6. Bf4 c5 7. Nf3 Ne4 8. e3
Bf5 9. Bd3 c4 10. Bxe4 Bxe4 11. Qa4+ Nc6 12. Ne5 O-O 13. Nxc6 Bxc3+ 14. bxc3
Qd7 15. O-O bxc6 16. f3 Bd3 17. Rf2 h6 18. Rb2 g5 19. Bg3 Rae8 20. Re1 h5 21.
Qb4 Re6 22. Qb7 Qe8 23. Kf2 h4 24. Bb8 h3 25. gxh3 Rg6 26. Qxa7 Qe6 27. Bg3 Rf6
28. Rb8 Qf5 29. Rxf8+ Kxf8 30. Qb8+ Kg7 31. Be5 Qxf3+ 32. Kg1 Qf2+ 0-1

[Event "Hessische Einzelmeisterschaft 2021"]
[Site "Frankfurt"]
[Date "2021.12.09"]
[Round "4"]
[White "Haack, Kevin"]
[Black "Keller, Peter"]
[Result "1/2-1/2"]
[WhiteElo "2100"]
[BlackElo "2359"]
[PlyCount "113"]
[EventDate "2021.12.08"]
[EventType "tourn"]
[EventCountry "GER"]

{[%evp 0,45,20,-6,-5,-29,-24,-12,-5,-30,-15,-10,-11,-62,-49,-34,-13,-28,-5,-3,
8,-6,-2,3,12,-1,4,-8,-7,-5,1,-5,-3,-4,-10,-31,-13,-25,-22,-30,-44,-29,-21,-22,
-21,-18,-53,-47]} 1. c4 e5 2. Nc3 Nf6 3. Nf3 Nc6 4. e4 Bb4 5. d3 d6 6. g3 O-O
7. Bg2 h6 8. O-O a6 9. h3 Bc5 10. Be3 Nd4 11. Bxd4 Bxd4 12. Nxd4 exd4 13. Ne2
c5 14. f4 Rb8 15. Qd2 b5 16. cxb5 axb5 17. Kh2 Re8 18. Rac1 b4 19. e5 Nd7 20.
exd6 Qb6 21. g4 Qxd6 22. Ng3 Nf6 23. Rfe1 Rxe1 24. Rxe1 Be6 25. b3 Qc7 26. Rc1
Bd5 27. Ne4 Nxe4 28. Bxe4 Bxe4 29. dxe4 Rd8 30. Rd1 d3 31. Qe3 c4 32. bxc4 Qxc4
33. Rd2 Ra8 34. Qxd3 Qxd3 35. Rxd3 Rxa2+ 36. Kg1 Re2 37. e5 Re4 38. f5 Rxe5 39.
Rd8+ Kh7 40. Rb8 Re4 41. Rb7 f6 42. Kg2 Re2+ 43. Kg3 Rb2 44. Kh4 Rb3 45. Rb8
g5+ 46. fxg6+ Kg7 47. Rb6 Kxg6 48. Rb7 Rb1 49. Rb5 Rb2 50. Rb7 Rb3 51. Rb8 Kf7
52. Rh8 Re3 53. Rxh6 Kg7 54. Rh5 Re5 55. g5 Rxg5 56. Rh7+ Kg6 57. Rh6+ 1/2-1/2

[Event "Hessische Einzelmeisterschaft 2021"]
[Site "Frankfurt"]
[Date "2021.12.09"]
[Round "4"]
[White "Mazurek, Robert"]
[Black "Bluebaum, Johanna"]
[Result "1-0"]
[WhiteElo "2209"]
[BlackElo "2046"]
[PlyCount "91"]
[EventDate "2021.12.08"]
[EventType "tourn"]
[EventCountry "GER"]

{[%evp 0,7,16,28,29,-16,-10,-10,4,4]} 1. d4 Nf6 2. c4 e6 3. Nc3 Bb4 4. e3 d5 5.
a3 Bd6 6. c5 Be7 7. f3 O-O 8. b4 c6 9. g4 Ne8 10. Nge2 Bh4+ 11. Ng3 f6 12. Bg2
Qc7 13. Nce2 e5 14. O-O g6 15. e4 Be6 16. Bb2 Nd7 17. Qb3 Ng7 18. Qc3 a5 19.
Rad1 axb4 20. axb4 Rf7 21. f4 exf4 22. exd5 Bxg4 23. Rxf4 f5 24. Rdf1 Re8 25.
Qc4 Nf6 26. d6 Qd7 27. h3 g5 28. Rxg4 Nxg4 29. hxg4 f4 30. Ne4 Rxe4 31. Bxe4
Qxg4+ 32. Bg2 Kf8 33. d5 Nf5 34. Nxf4 gxf4 35. Qxf4 Qxf4 36. Rxf4 Bg3 37. Rf3
Ke8 38. d7+ Kxd7 39. Bh3 cxd5 40. Bxf5+ Kc6 41. Bd4 h5 42. b5+ Kc7 43. b6+ Kd8
44. Rxg3 Rxf5 45. c6 bxc6 46. Rg8+ 1-0

[Event "Hessische Einzelmeisterschaft 2021"]
[Site "Frankfurt"]
[Date "2021.12.09"]
[Round "4"]
[White "Poetsch, Hagen"]
[Black "Rolf, Marco"]
[Result "1/2-1/2"]
[WhiteElo "2513"]
[BlackElo "2052"]
[PlyCount "46"]
[EventDate "2021.12.08"]
[EventType "tourn"]
[EventCountry "GER"]

{[%evp 0,26,16,18,36,28,55,33,56,26,26,26,26,5,38,26,45,40,13,-1,27,-26,-1,-3,
-33,-84,-38,-38,-16]} 1. e4 e6 2. d4 d5 3. Nc3 Nf6 4. Bg5 dxe4 5. Nxe4 Be7 6.
Bxf6 Bxf6 7. Nf3 Nd7 8. Qd2 O-O 9. O-O-O b6 10. h4 Bb7 11. Qf4 c5 12. Bb5 Bxe4
13. Qxe4 cxd4 14. Bxd7 Qxd7 15. g4 Rfd8 16. g5 Be7 17. Rxd4 Qc7 18. Rhd1 Bc5
19. Rd7 Rxd7 20. Qxa8+ Bf8 21. Rxd7 Qxd7 22. Qe4 Qb5 23. Nd2 g6 1/2-1/2

[Event "Hessische Einzelmeisterschaft 2021"]
[Site "Frankfurt"]
[Date "2021.12.10"]
[Round "5"]
[White "Keller, Peter"]
[Black "Telljohann, Sven"]
[Result "1-0"]
[WhiteElo "2359"]
[BlackElo "2388"]
[PlyCount "93"]
[EventDate "2021.12.08"]
[EventType "tourn"]
[EventCountry "GER"]

{[%evp 0,34,16,28,86,89,84,44,105,96,88,54,67,48,41,56,75,76,76,17,135,123,64,
22,104,110,159,181,169,199,200,200,207,197,206,189,189]} 1. e4 g6 2. d4 Bg7 3.
Nf3 c6 4. Nc3 d5 5. h3 Nf6 6. e5 Ne4 7. Nxe4 dxe4 8. Ng5 c5 9. dxc5 Qa5+ 10. c3
Qxc5 11. e6 fxe6 12. Be3 Qc6 13. Qb3 a6 14. Bc4 b5 15. Bxe6 Bxe6 16. Nxe6 Be5
17. O-O-O Nd7 18. Bd4 Bxd4 19. Rxd4 Nc5 20. Nxc5 Qxc5 21. Rxe4 Rf8 22. Rhe1
Qg5+ 23. f4 Rxf4 24. Rxe7+ Qxe7 25. Qg8+ Rf8 26. Rxe7+ Kxe7 27. Qxh7+ Kf6 28.
Qb7 Kg5 29. Kc2 Rae8 30. Qxa6 Re2+ 31. Kb3 Rxg2 32. Qxb5+ Rf5 33. Qd3 Rff2 34.
Qe3+ Kh5 35. Qe5+ Kh4 36. Qh8+ Kg3 37. Qe5+ Kxh3 38. Qh8+ Kg4 39. c4 g5 40. a4
Rxb2+ 41. Qxb2 Rxb2+ 42. Kxb2 Kf4 43. Kc3 g4 44. Kd3 Kf3 45. a5 g3 46. a6 g2
47. a7 1-0

[Event "Hessische Einzelmeisterschaft 2021"]
[Site "Frankfurt"]
[Date "2021.12.10"]
[Round "5"]
[White "Rolf, Marco"]
[Black "Haack, Kevin"]
[Result "0-1"]
[WhiteElo "2052"]
[BlackElo "2100"]
[PlyCount "50"]
[EventDate "2021.12.08"]
[EventType "tourn"]
[EventCountry "GER"]

1. d4 Nf6 2. c4 e6 3. Nc3 Bb4 4. Qc2 O-O 5. Nf3 c5 6. dxc5 Na6 7. g3 Nxc5 8.
Bg2 Qe7 9. O-O Bxc3 10. Qxc3 d5 11. Bf4 b6 12. Ne5 Bb7 13. Rfd1 Rac8 14. b4
Nce4 15. Qa3 a5 16. Qe3 axb4 17. Qxb6 Rfd8 18. Rdb1 dxc4 19. Qxb4 Rd1+ 20. Bf1
Qxb4 21. Rxb4 Rxa1 22. Rxb7 c3 23. Nc4 g5 24. Be5 Rxc4 25. f3 c2 0-1

[Event "Hessische Einzelmeisterschaft 2021"]
[Site "Frankfurt"]
[Date "2021.12.10"]
[Round "6"]
[White "Haack, Kevin"]
[Black "Bluebaum, Johanna"]
[Result "1-0"]
[WhiteElo "2100"]
[BlackElo "2046"]
[PlyCount "103"]
[EventDate "2021.12.08"]
[EventType "tourn"]
[EventCountry "GER"]

1. c4 e6 2. g3 d5 3. Bg2 Nf6 4. Nf3 dxc4 5. Qa4+ Bd7 6. Qxc4 c5 7. O-O Bc6 8.
Nc3 Nbd7 9. Rd1 Nb6 10. Qb3 Be7 11. d4 c4 12. Qc2 Bb4 13. Ne5 Bxg2 14. Kxg2 O-O
15. e4 Rc8 16. Qe2 Nfd7 17. Bf4 Nxe5 18. dxe5 Qe8 19. Rac1 Bxc3 20. Rxc3 Na4
21. Rc2 b5 22. Be3 Nc5 23. b3 Nd3 24. Bxa7 Qc6 25. a4 Qb7 26. Qe3 Nxe5 27. Bd4
Rfd8 28. Rdd2 Nc6 29. Ba1 Rxd2 30. Rxd2 cxb3 31. Qc3 e5 32. Qxb3 b4 33. Rd5 Qe7
34. Qc4 h6 35. Rxe5 Nxe5 36. Qxc8+ Kh7 37. Qf5+ Ng6 38. h4 Kg8 39. a5 Qb7 40.
Qd5 Qa6 41. Qd4 f6 42. Qxb4 Qe2 43. Qb3+ Kh7 44. Qe3 Qa2 45. Bc3 Qc4 46. Qd4
Qe2 47. Qe3 Qc4 48. Qf3 Ne7 49. Bd2 Qa2 50. Qd3 Ng6 51. Qd5 Qa4 52. Qf5 1-0

[Event "Hessische Einzelmeisterschaft 2021"]
[Site "Frankfurt"]
[Date "2021.12.10"]
[Round "6"]
[White "Keller, Peter"]
[Black "Rolf, Marco"]
[Result "1-0"]
[WhiteElo "2359"]
[BlackElo "2052"]
[PlyCount "103"]
[EventDate "2021.12.08"]
[EventType "tourn"]
[EventCountry "GER"]

1. e4 e6 2. d4 d5 3. Nc3 Nf6 4. Bg5 dxe4 5. Nxe4 Be7 6. Nxf6+ Bxf6 7. Bxf6 Qxf6
8. Nf3 O-O 9. Qd3 c5 10. O-O-O Nc6 11. Qe4 Rd8 12. Bd3 Qh6+ 13. Kb1 f5 14. Qe2
Nxd4 15. Nxd4 cxd4 16. Bc4 b5 17. Bxb5 Bb7 18. f3 Bd5 19. Bc4 Qe3 20. Rhe1 Qxe2
21. Bxe2 Kf7 22. b3 Bc6 23. Bc4 Rd6 24. c3 Rad8 25. Rxd4 Rxd4 26. cxd4 Rxd4 27.
Bxe6+ Kf6 28. Bc4 Bd5 29. Bxd5 Rxd5 30. Kc2 Rc5+ 31. Kb2 a5 32. Re2 g5 33. Ka3
h5 34. Ka4 f4 35. h3 Kf5 36. a3 g4 37. hxg4+ hxg4 38. fxg4+ Kxg4 39. b4 axb4
40. axb4 Rc1 41. Re8 Ra1+ 42. Kb3 Kg3 43. Rg8+ Kf2 44. Kc4 Ra3 45. Rg4 f3 46.
gxf3 Kxf3 47. Rg8 Ke2 48. b5 Ra4+ 49. Kc5 Ra1 50. b6 Rc1+ 51. Kd6 Rd1+ 52. Kc7
1-0

[Event "Hessische Einzelmeisterschaft 2021"]
[Site "Frankfurt"]
[Date "2021.12.10"]
[Round "6"]
[White "Telljohann, Sven"]
[Black "Mazurek, Robert"]
[Result "1/2-1/2"]
[WhiteElo "2388"]
[BlackElo "2209"]
[PlyCount "53"]
[EventDate "2021.12.08"]
[EventType "tourn"]
[EventCountry "GER"]

1. Nf3 d5 2. g3 Nf6 3. Bg2 e6 4. O-O Be7 5. c4 dxc4 6. Qa4+ Bd7 7. Qxc4 c5 8.
Ne5 Qc8 9. b3 Nc6 10. Bb2 Nxe5 11. Bxe5 Bc6 12. Bxc6+ Qxc6 13. Nc3 O-O 14. Bxf6
Bxf6 15. Rac1 Rac8 16. Qe4 Qd7 17. d3 Rfd8 18. Rc2 b6 19. Rfc1 Bd4 20. Nb1 Rb8
21. Nd2 g6 22. Nf3 Qd5 23. Qxd5 Rxd5 24. Kf1 Bf6 25. Rc4 Rbd8 26. Ra4 a5 27.
Rac4 1/2-1/2

[Event "Hessische Einzelmeisterschaft 2021"]
[Site "Frankfurt"]
[Date "2021.12.11"]
[Round "7"]
[White "Bluebaum, Johanna"]
[Black "Keller, Peter"]
[Result "0-1"]
[WhiteElo "2046"]
[BlackElo "2359"]
[PlyCount "70"]
[EventDate "2021.12.08"]
[EventType "tourn"]
[EventCountry "GER"]

1. d4 Nf6 2. c4 e6 3. Nc3 Bb4 4. e3 O-O 5. Bd3 d5 6. cxd5 exd5 7. Nge2 Bd6 8.
f3 c5 9. O-O Nc6 10. Nb5 Be7 11. dxc5 Bxc5 12. Nbd4 Re8 13. a3 Bd7 14. b4 Bb6
15. Nxc6 bxc6 16. Nd4 Qe7 17. Bd2 Qe5 18. Nc2 Bc7 19. f4 Qd6 20. Bc3 Qe7 21. h3
Ne4 22. Bd4 Bb6 23. Qh5 h6 24. Rf3 Bxd4 25. exd4 Qf6 26. g4 a5 27. Re1 axb4 28.
axb4 Re6 29. f5 Ng5 30. Rfe3 Rxe3 31. Rxe3 Ra2 32. h4 Rxc2 33. Bxc2 Qxd4 34.
Kf2 Nh3+ 35. Kf3 Nf4 0-1

[Event "Hessische Einzelmeisterschaft 2021"]
[Site "Frankfurt"]
[Date "2021.12.11"]
[Round "7"]
[White "Rolf, Marco"]
[Black "Telljohann, Sven"]
[Result "0-1"]
[WhiteElo "2052"]
[BlackElo "2388"]
[PlyCount "80"]
[EventDate "2021.12.08"]
[EventType "tourn"]
[EventCountry "GER"]

1. d4 g6 2. e4 Bg7 3. Nc3 d6 4. Be3 a6 5. Bd3 e5 6. d5 Qe7 7. Qd2 f5 8. exf5
gxf5 9. O-O-O Qf7 10. Nh3 f4 11. Nxf4 exf4 12. Bxf4 Qxf4 13. Qxf4 Bh6 14. Rhe1+
Kd8 15. Re4 Bf5 16. Qxh6 Nxh6 17. Rh4 Bxd3 18. Rxd3 Nf5 19. Rf4 Ne7 20. Ne4 Ng6
21. Rf5 Nd7 22. Ng5 Nde5 23. Rh3 h6 24. f4 Ke7 25. Ne6 Ng4 26. Rg3 h5 27. h3
Nh4 28. Rg5 Nh6 29. Rg7+ Kf6 30. Rxc7 Rag8 31. Ng5 Kf5 32. Rb3 Nxg2 33. Nf7
Nxf7 34. Rxf7+ Ke4 35. Rbxb7 Kxd5 36. Rb6 Ne3 37. Rxa6 Rg2 38. Rc7 Nc4 39. c3
Re8 40. Rxc4 Re1# 0-1